000 00438nam a2200145 i 4500
001 64630
003 ES-MaACL
007 t|
008 031230m19131914sp ||||1| spa d
100 1 _aForel, Alexis.
_951717
245 1 0 _aVoyage au pays des sculpteurs romans
_b: croquis de routes á travers la France /
_cpar Alexis Forel.
260 _aparís :
_bH. Champion,
_c1913-1914.
300 _a2 v. ;
_c31 cm.
852 _aES-MaACL
_jG-4885-6
999 _c64630
_d64630